Spreading the load (Record no. 82111)

MARC details
000 -LEADER
fixed length control field 01338cad a22002295a 4500
001 - CONTROL NUMBER
control field L149286
008 - FIXED-LENGTH DATA ELEMENTS--GENERAL INFORMATION
fixed length control field 100217s2010 xxk f 000 0 eng d
035 ## - SYSTEM CONTROL NUMBER
System control number (Sirsi) u149286
041 0# - LANGUAGE CODE
Language code of text/sound track or separate title eng
100 1# - MAIN ENTRY--PERSONAL NAME
Personal name Santo, Philip
245 00 - TITLE STATEMENT
Title Spreading the load
Remainder of title the costs of low-energy refurbishments
Medium [electronic resource]
260 ## - PUBLICATION, DISTRIBUTION, ETC.
Date of publication, distribution, etc. 2010
490 ## - SERIES STATEMENT
Series statement RICS Residential Property Journal
Volume/sequential designation Jan-Feb 2010, 16-17(2)
520 ## - SUMMARY, ETC.
Summary, etc. Considers how to produce more houses that comply with the various standards within the Code for Sustainable Homes. Meeting the targets defined by the Climate Change Act 2008, will require a step change in refurbishment activity compared with current practice, involving many more homes and requiring more expensive and potentially more disruptive installations. The challenge is to persuade homeowners and landlords to make substantial investments in energy-saving improvements they know will generate only a relatively modest annual return in terms of cutting energy costs.
590 ## - LOCAL NOTE (RLIN)
Local note KA
650 24 - SUBJECT ADDED ENTRY--TOPICAL TERM
Topical term or geographic name entry element CODE FOR SUSTAINABLE BUILDINGS
650 24 - SUBJECT ADDED ENTRY--TOPICAL TERM
Topical term or geographic name entry element CLIMATE CHANGE ACT 2008
651 #4 - SUBJECT ADDED ENTRY--GEOGRAPHIC NAME
Geographic name United Kingdom
Chronological subdivision
690 ## - LOCAL SUBJECT ADDED ENTRY--TOPICAL TERM (OCLC, RLIN)
Topical term or geographic name as entry element BUILT ENVIRONMENT-SUSTAINABLE CONSTRUCTION
856 40 - ELECTRONIC LOCATION AND ACCESS
Uniform Resource Identifier <a href="https://www.rics.org/site/download_feed.aspx?fileID=5567">https://www.rics.org/site/download_feed.aspx?fileID=5567</a>
Public note View this item (member-only access) at www.rics.org
942 ## - ADDED ENTRY ELEMENTS (KOHA)
Suppress in OPAC 0
Holdings
Withdrawn status Lost status Source of classification or shelving scheme Damaged status Not for loan Home library Current library Shelving location Date acquired Total Checkouts Full call number Barcode Date last seen Copy number Price effective from Koha item type
    Dewey Decimal Classification     Virtual Virtual Online 17/02/2010   ONLINE PUBLICATION 149286-2001 06/08/2019 1 06/08/2019 Journal article